000 00448nam a2200181 4500
003 LK-CoMWRAF
005 20230904234552.0
008 230904b1974 |||||||| |||| 00| 0 eng d
020 _a 0584106777
040 _aLK-CoMWRAF
_dLK-CoMWRAF
_eLK-CoMWRAF
041 _aeng
082 _a823
_bSTR
100 _aStrong, Patience
245 _aTake comfort
260 _aLondon :
_bFrederick muller Ltd
_c1974
650 _aEnglish Fiction
942 _cBK
999 _c3399
_d3399